[Event "SCO Open 2018"]
[Site "Xingtai"]
[Date "2018.10.19"]
[Round "6"]
[White "Das, Arghyadip"]
[Black "Dai, Changren"]
[Result "0-1"]
[WhiteElo "2437"]
[BlackElo "2433"]
[Annotator "TA"]
[PlyCount "94"]
[EventDate "2018.??.??"]
[EventCountry "CHN"]
[SourceTitle "playchess.com"]
[Source "ChessBase"]
[SourceQuality "1"]

{[%evp 22,94,7,0,0,-10,-11,-11,3,-32,-32,-33,-39,-35,-16,-66,-53,-77,-66,-94,-101,-122,-91,-116,-67,-114,-102,-87,-100,-101,-90,-91,-38,-35,-55,-161,-161,-180,-179,-199,-188,-196,-197,-276,-255,-368,-370,-474,-473,-520,-550,-545,-538,-514,-467,-578,-574,-577,-536,-564,-559,-537,-529,-770,-755,-689,-660,-586,-455,-719,-691,-933,-905,-1305,-1195]} 1. e4 c5 2. Nf3 Nc6 3. d4 cxd4 4. Nxd4 Nf6 5. Nc3 d6 6. Be2 g6 7. Nb3 Bg7 8. O-O O-O 9. Bg5 a6 10. Re1 b5 11. Bf1 h6 12. Bh4 {LiveBook: 59 Games. B70: Sicilian Dragon: 6 g3 and 6 Be2 (without a later Be3)} Ne5 (12... Bb7 13. f3 Rc8 14. Qd2 Ne5 15. Rad1 Qc7 16. Bxf6 Bxf6 17. Qxh6 b4 18. Nd5 Bxd5 19. exd5 Qb6+ 20. Kh1 Rxc2 {0-1 (54) Hector,J (2497)-Saric,I (2621) Helsingor 2017}) 13. a3 $146 ({Predecessor:} 13. a4 g5 14. Bg3 b4 15. Bxe5 dxe5 16. Na2 a5 17. Nc5 Qb6 18. Nd3 Bb7 19. c3 Nxe4 20. cxb4 {0-1 (51) Bashkite,V (2107)-Rantanen,Y (2340) Tampere 2002}) 13... Nc4 14. Rb1 {The position is equal.} Bb7 15. Nd2 Ne5 16. Kh1 g5 17. Bg3 Ng6 18. Be2 Qb6 19. Bf3 e6 20. Nf1 Rfd8 21. Bh5 Nxh5 22. Qxh5 a5 {[%cal Ba6a5,Ba5b4][%mdl 32]} 23. f3 b4 24. axb4 axb4 25. Nd1 {[%cal Bc3d1,Bd1f2,Bf2g4][%mdl 32]} Ra5 26. Nf2 Bc8 ({Black should try} 26... Qc7 $17 27. Ng4 Kh7) 27. Ng4 $15 Kh7 $1 28. Nfe3 {[#]} (28. Nd2 $15 Qc7 29. e5 dxe5 30. Ne4) 28... Nf4 $1 $36 {[%cal Rf4h5][%mdl 2048] Black is in control.} 29. Bxf4 ({Avoid the trap} 29. Qxf7 $2 Ra7 $19) 29... gxf4 30. Nc4 Rxh5 31. Nxb6 Ba6 32. Ra1 (32. b3 $142) 32... Bb5 33. Ra5 (33. Ra7 $142 Kg6 34. Na4) 33... Rc5 34. b3 Rb8 {Black is clearly winning.} 35. Nc4 Bxc4 36. Rxc5 dxc5 37. bxc4 {[%mdl 4096] Endgame KRB-KRN} Bd4 38. e5 Ra8 39. g3 fxg3 40. hxg3 Ra2 41. Rc1 Kg6 42. f4 h5 {[%cal Bh6h5,Bh5h4][%mdl 32]} 43. Nf6 Be3 44. Re1 Bf2 45. Rc1 (45. Rb1 $142 Bxg3 46. Ne4 Bxf4 47. Nxc5) 45... Bxg3 46. Rg1 h4 47. Ne4 Rxc2 {Precision: White = 24%, Black = 78%.} 0-1

[Event "SCO Open 2018"]
[Site "Xingtai"]
[Date "2018.10.19"]
[Round "6"]
[White "Nikita, Khoroshev"]
[Black "Xu, Yi"]
[Result "0-1"]
[WhiteElo "2416"]
[BlackElo "2536"]
[Annotator "TA"]
[PlyCount "64"]
[EventDate "2018.??.??"]
[EventCountry "CHN"]
[SourceTitle "playchess.com"]
[Source "ChessBase"]
[SourceQuality "1"]

{[%evp 11,64,-16,-28,-27,-27,-27,-32,-30,-22,-31,-29,-33,-34,-33,-44,-60,-52,-64,-63,-93,-93,-92,-95,-94,-104,-97,-80,-124,-124,-129,-132,-124,-127,-126,-131,-181,-170,-197,-187,-250,25,-234,-228,-316,-312,-316,-312,-310,-248,-271,-266,-321,-317,-317,-315]} 1. d4 Nf6 2. Bf4 d5 3. e3 c5 4. Nf3 Nc6 5. Nc3 Bg4 6. dxc5 {D02: 1 d4 d5 2 Nf3 sidelines, including 2...Nf6 3 g3 and 2...Nf6 3 Bf4} (6. Be2 e6 7. O-O Bxf3 8. Bxf3 cxd4 9. exd4 Bd6 10. Be3 a6 11. Ne2 Qc7 12. g3 O-O 13. Nc1 b5 14. Nd3 b4 15. Kg2 Rfc8 16. Qe2 Qb6 17. Rfc1 {½-½ (115) Kovalev,V (2641)-Onischuk,A (2685) Khanty-Mansiysk 2017}) 6... e6 {LiveBook: 5 Games} 7. h3 Bxf3 8. Qxf3 {Black has an edge.} Bxc5 {aiming for ...Qa5.} 9. Bb5 O-O 10. O-O Rc8 $146 ({Predecessor:} 10... Qb6 11. a3 a6 12. Bxc6 Qxc6 13. Rfd1 {0-1 (31) Marculescu,G (1829)-Bujdak,P (1973) LSS email 2009}) 11. Rfd1 Qb6 12. Qe2 {[#] Black must now prevent Na4.} Be7 13. Rab1 a6 14. Bxc6 Qxc6 15. Be5 Nd7 {[%cal Bf6d7,Bd7e5,Be5c4][%mdl 32]} 16. Bg3 Bf6 17. e4 {[%cal Re4d5]} d4 18. e5 Nxe5 (18... dxc3 {looks sharper.} 19. exf6 Nxf6 20. Rd6 Qe4 21. Qxe4 Nxe4 22. Rd4 Nxg3 23. fxg3 cxb2 24. Rxb2 Rc7) 19. Ne4 Qxc2 20. Nxf6+ gxf6 21. Qxc2 Rxc2 22. Rxd4 Rfc8 23. f4 Nc4 24. Bh4 Ne3 ({Don't take} 24... Rxb2 25. Rxb2 Nxb2 26. Bxf6 $15) 25. Rd3 (25. Bxf6 $142 Rxg2+ 26. Kh1) 25... Rxg2+ $19 26. Kh1 Re2 {Strongly threatening ...Rcc2.} 27. Rc3 Rxc3 28. bxc3 Kg7 29. Rg1+ Kf8 30. Bxf6 Rxa2 {Black has a decisive advantage.} 31. Bd4 Nf5 32. Bf6 Rc2 {Precision: White = 54%, Black = 91%.} 0-1

[Event "SCO Open 2018"]
[Site "Xingtai"]
[Date "2018.10.19"]
[Round "6"]
[White "Zhao, Yuanhe"]
[Black "Zhonghan, Ma"]
[Result "1/2-1/2"]
[WhiteElo "2389"]
[BlackElo "2496"]
[Annotator "TA"]
[PlyCount "102"]
[EventDate "2018.??.??"]
[EventCountry "CHN"]
[SourceTitle "playchess.com"]
[Source "ChessBase"]
[SourceQuality "1"]

{[%evp 24,102,15,10,39,44,32,-9,0,0,0,0,10,0,0,0,14,12,26,25,140,93,93,93,93,93,93,93,108,93,95,97,100,93,93,71,93,93,93,49,49,49,49,49,49,49,49,49,49,49,49,49,49,49,85,85,85,4,88,85,202,0,0,0,85,0,34,49,85,0,6,0,49,5,49,49,49,0,0,0,0]} 1. Nf3 Nf6 2. g3 d5 3. Bg2 g6 4. O-O Bg7 5. c4 c6 6. cxd5 cxd5 7. Nc3 O-O 8. d4 Ne4 9. Ne5 Bf5 10. Bf4 Nc6 11. Rc1 Rc8 12. Nxe4 {D79: Grünfeldindisch (Fianchetto 6.0-0 c6 7.cxd5 cxd5)} dxe4 (12... Bxe4 13. Bh3 e6 14. f3 g5 15. Nxc6 Rxc6 16. Rxc6 bxc6 17. fxe4 gxf4 18. Rxf4 dxe4 19. Rxe4 c5 {0-1 (52) Adly,A (2599)-Mamedov,R (2688) Doha 2016}) 13. Nxc6 {LiveBook: 3 Partien} Rxc6 (13... bxc6 {seems wilder.} 14. e3 Qd7 15. Rc5 h6 16. h4 f6) 14. Rxc6 {Weiß steht etwas besser.} bxc6 15. Be3 Qa5 16. Qb1 $146 ({Vorgänger:} 16. a3 Rd8 17. Qc2 Qd5 18. h3 h5 19. Qa4 Bxd4 20. Bxd4 Qxd4 21. Qxd4 Rxd4 {0-1 (33) Latonin,M (1962)-Peschansky,M (2282) Voronezh 2011}) 16... Qd5 17. Rd1 Rd8 18. Rd2 Qe6 19. Qc2 Qxa2 20. Bxe4 Bxe4 21. Qxe4 e5 (21... Qe6 $11 22. Qxe6 fxe6) 22. Qxc6 {dxe5 ist eine echte Drohung.} exd4 {[#]} 23. Bxd4 $1 {[%mdl 512]} Qa5 (23... Rxd4 24. Qe8+) 24. Bc3 Bxc3 25. Qxc3 Qb6 26. Rxd8+ Qxd8 $16 {[%mdl 4096] Endspiel KD-KD} 27. Qe5 a5 28. h4 h5 29. e3 {[%cal Be2e3,Be3e4][%mdl 32]} Qb6 30. Qd4 Qb5 31. e4 a4 32. Qc3 Qe2 33. Qb4 Qc2 34. Kg2 Qd1 35. Qb8+ Kg7 36. Qe5+ Kg8 37. Qc3 Qe2 38. Qd4 Kf8 39. e5 Kg8 40. Qd8+ (40. Qxa4 $16 {Und Dd4 würde nun gewinnen.} Qxb2 41. Qe8+ Kg7 42. e6 Qb7+ 43. Kh2 fxe6 44. Qxe6) 40... Kg7 {[#]} (40... Kh7 $11 {hält das Gleichgewicht.}) 41. Qf6+ $1 Kg8 {[#]} (41... Kf8 $16) 42. Qd8+ $2 (42. e6 $1 $18 Qe4+ 43. Qf3 Qxe6 44. Qa8+ Kg7 45. Qxa4) 42... Kg7 $11 43. Qd4 (43. Qa8 $11) 43... Kg8 $16 44. Kh2 (44. Qxa4 $16 {Schwarz muss nun Dd4 beachten.} Qxb2 45. e6 Qb7+ 46. Kg1 fxe6 47. Qe8+ Kh7 48. Qxe6) 44... Kh7 45. Kg1 Kg8 46. Qd8+ (46. e6 $16 {Und weiter mit Dd8+ wäre nett.} Qe1+ 47. Kg2 Qxe6 48. Qxa4) 46... Kh7 47. Qf6 Qc4 48. Kh2 Qb3 49. Qe7 Kg7 50. Qa3 {zielt auf Dxb3 ab.} Qc2 51. Kg1 Qd1+ {Precision: Weiß = 44%, Schwarz = 50%.} 1/2-1/2

[Event "SCO Open 2018"]
[Site "Xingtai"]
[Date "2018.10.19"]
[Round "6"]
[White "Zhu, Jiner"]
[Black "Yiping, Lou"]
[Result "1/2-1/2"]
[WhiteElo "2360"]
[BlackElo "2485"]
[Annotator "TA"]
[PlyCount "60"]
[EventDate "2018.??.??"]
[EventCountry "CHN"]
[SourceTitle "playchess.com"]
[Source "ChessBase"]
[SourceQuality "1"]

{[%evp 14,60,24,22,45,32,31,15,36,11,31,34,31,24,32,29,24,23,33,-7,-12,-31,-23,-28,0,0,0,0,14,14,15,0,105,-72,-62,-66,-58,-59,-54,-66,-7,0,0,0,0,0,0,-29,0]} 1. e4 e5 2. Nf3 Nc6 3. Bb5 Nf6 4. d3 Bd6 5. c3 (5. Nbd2 a6 6. Ba4 b5 7. Bb3 O-O 8. Nf1 Na5 9. Ng3 Re8 10. O-O Bf8 11. d4 Nxb3 12. axb3 Bb7 {½-½ (32) Saric,I (2690)-Ponomariov,R (2686) Linares 2018}) 5... O-O 6. O-O {C65: Spanische Partie (Berliner-Verteidigung)} Re8 7. Re1 a6 8. Ba4 {LiveBook: 3 Partien. Weiß hat minimalen Vorteil.} Bf8 9. d4 b5 10. Bb3 {[#] Droht Sxe5 und aus.} d6 11. Bg5 $146 ({Vorgänger:} 11. Nbd2 Bg4 12. h3 Bh5 {1-0 (54) Rodionova,P (2090)-Blagojevic,T (2088) Batumi 2014}) 11... Bb7 12. Nbd2 h6 13. Bh4 g6 {[%cal Bg7g6,Bg6g5][%mdl 32]} 14. d5 {Und weiter mit Lxf6 wäre nett.} Nb8 15. c4 Nbd7 16. cxb5 axb5 17. a4 g5 18. Bg3 Nc5 (18... c6 {is interesting.} 19. dxc6 Bxc6 20. Rc1 Qb6 21. h4 g4) 19. axb5 Rxa1 20. Qxa1 Nfxe4 21. Nxe4 ({Viel schlechter ist} 21. Rxe4 Nxe4 22. Nxe4 f5 $17) 21... Nxb3 22. Qd1 Na5 (22... Nc5 $11 23. Nxc5 dxc5) 23. Nc3 $2 (23. Qa4 $16) 23... Nc4 $17 24. Qd3 Nb6 $1 25. Nd2 Qa8 {[%cal Rb6d5]} 26. Nb3 $1 Bxd5 ({Günstiger ist} 26... e4 $15 27. Nxe4 Nxd5) 27. Ra1 $11 Qb7 28. Na5 $1 {[%cal Ra5b7]} Qa8 {[#]} 29. Nb3 $1 {[%mdl 512]} Qb7 (29... Bxb3 30. Rxa8) 30. Na5 $1 {[%cal Ra5b7]} Qa8 {Precision: Weiß = 62%, Schwarz = 46%.} 1/2-1/2

[Event "SCO Open 2018"]
[Site "Xingtai"]
[Date "2018.10.20"]
[Round "7"]
[White "Xu, Yi"]
[Black "Lalith Babu M R"]
[Result "0-1"]
[WhiteElo "2536"]
[BlackElo "2518"]
[Annotator "TA"]
[PlyCount "84"]
[EventDate "2018.??.??"]
[EventCountry "CHN"]
[SourceTitle "playchess.com"]
[Source "ChessBase"]
[SourceQuality "1"]

{[%evp 10,84,20,27,23,20,21,26,35,35,42,39,26,0,0,-27,-21,-14,-33,-37,-8,-62,-57,-18,-40,-139,-55,-62,-51,-58,-34,-34,-34,-34,-34,-50,-34,-56,-12,-30,-25,-34,-34,-34,-34,-34,-34,-34,-34,-34,-34,-57,-57,-66,-53,-53,-59,-53,-39,-133,-135,-224,-224,-224,-202,-202,-196,-336,-242,-337,-331,-315,-327,-1454,-1168,-5469,-2327]} 1. e4 {[%cal Be2e4,Be4e5][%mdl 32]} c6 2. d4 d5 3. e5 Bf5 4. Nf3 e6 5. Be2 Ne7 6. O-O Ng6 {B12: Caro-Kann: Advance Variation} (6... c5 7. Be3 Nec6 8. c3 Nd7 9. Nbd2 Be7 10. a3 a6 11. Re1 O-O 12. Nf1 Rc8 13. Ng3 Bg6 14. Nd2 cxd4 15. cxd4 Qb6 16. b4 Nxd4 17. Bf1 {0-1 (50) Caruana,F (2822)-Mamedyarov,S (2801) Saint Louis 2018}) 7. Be3 Nd7 8. Ne1 {Black must now prevent g4.} h5 {White has an edge.} 9. f4 c5 $146 ({Predecessor:} 9... Qb6 10. b3 c5 11. Nc3 cxd4 12. Na4 Qa5 13. Bxd4 h4 14. c3 {1-0 (55) Aravindh,C (2580)-Paszewski,M (2293) Warsaw 2018}) 10. Nf3 Rc8 11. Nc3 a6 12. dxc5 Bxc5 13. Bxc5 Nxc5 14. Nd4 Ne7 15. b4 (15. a4 $11) 15... Ne4 $15 16. Nxe4 Bxe4 17. Kh1 (17. Qd2 $15) 17... Nf5 ({Black should play} 17... h4 $1 $17 {[%cal Rh4h3] And now ...h3 would win.} 18. Bf3 Nf5 19. Nxf5 Bxf5) 18. Nxf5 Bxf5 19. Bd3 Bxd3 20. cxd3 g6 21. Rc1 O-O 22. Qd2 Qd7 23. Kg1 Rxc1 24. Rxc1 {[%mdl 4096] Endgame KQR-KQR} Rc8 25. Kf2 Rxc1 26. Qxc1 {KQ-KQ} Qa4 27. Qd2 b6 {[%cal Bb7b6,Bb6a5,Ba5a4,Ba4a3][%mdl 32]} 28. Ke3 a5 29. bxa5 bxa5 30. g3 Kg7 31. Ke2 Qa3 32. h3 Qc5 33. Kf3 a4 34. d4 {[#]} (34. g4 $15) 34... Qb5 $1 $17 35. Kf2 {[#]} (35. g4 $17 {was called for.}) 35... a3 $1 $19 36. h4 Qb1 37. Ke3 Kf8 38. Qa5 (38. Kf2 {might work better.}) 38... Qe4+ ({And not} 38... Qxa2 39. Qd8+ Kg7 40. Qf6+ Kg8 41. Qd8+ Kh7 42. Qf8 $11) 39. Kf2 Qxd4+ 40. Kg2 Qb2+ 41. Kh3 $2 (41. Kf3 Kg7 42. Qd8) 41... Kg7 42. Qd8 Qb1 {Precision: White = 31%, Black = 69%.} ({Weaker is} 42... Qxa2 43. Qf6+ Kg8 44. Qd8+ Kg7 45. Qf6+ Kg8 46. Qd8+ Kg7 $11) (42... Qa1 $142 43. Qf6+ Kg8) 0-1

[Event "SCO Open 2018"]
[Site "Xingtai"]
[Date "2018.10.20"]
[Round "7"]
[White "Liu, Yan"]
[Black "Zhou, Jianchao"]
[Result "1/2-1/2"]
[WhiteElo "2506"]
[BlackElo "2625"]
[Annotator "TA"]
[PlyCount "60"]
[EventDate "2018.??.??"]
[EventCountry "CHN"]
[SourceTitle "playchess.com"]
[Source "ChessBase"]
[SourceQuality "1"]

{[%evp 9,60,0,0,0,0,0,0,0,0,0,0,0,4,-5,0,0,3,5,0,0,0,0,7,14,7,10,21,-8,-8,-9,0,-8,-10,-14,0,0,0,0,0,0,0,0,0,0,0,0,0,0,0,0,0,0,0]} 1. Nf3 c5 2. c4 Nc6 3. d4 cxd4 4. Nxd4 Nf6 5. g3 e5 {The position is equal.} 6. Nb5 {A31: Symmetrical English: 2 Nf3 Nf6 3 d4} Bb4+ 7. N1c3 d6 8. a3 Bxc3+ 9. Nxc3 Be6 $1 10. Bg5 (10. Bg2 Bxc4 11. Bg5 O-O 12. Rc1 Rc8 13. O-O {½-½ (33) Vitiugov,N (2730)-Leko,P (2691) Linares 2018}) 10... Bxc4 11. Bxf6 Qxf6 $146 ({Predecessor:} 11... gxf6 12. Bg2 Nd4 13. O-O d5 14. Rb1 Rc8 15. f4 O-O 16. Rf2 Bb3 17. Qd2 Kg7 18. fxe5 fxe5 19. Nxd5 Bxd5 {½-½ (19) Van Unen,H (2505)-Lohse,M (2507) ICCF email 2015}) 12. Ne4 Qe6 {Strongly threatening ...Nd4.} 13. Nxd6+ Ke7 14. Nxc4 ({Wrong is} 14. Nxb7 $2 Nd4 $19) 14... Qxc4 15. Bg2 Rhd8 $132 {[%mdl 2048] Black is not keeping still} 16. Qc1 Qxc1+ 17. Rxc1 Rd6 18. Bxc6 {[#] Ba4 is the strong threat.} Rc8 19. f3 Rdxc6 (19... a5 {is more complex.} 20. b3 Rdxc6 21. Kd2 f5 22. e4 Kf6) 20. Rxc6 Rxc6 $11 {[%mdl 4096] Endgame KR-KR} 21. Kd2 a5 22. Rb1 b5 23. b4 a4 24. Rc1 Rxc1 25. Kxc1 {KP-KP} Ke6 26. e4 g5 27. g4 f6 28. Kd2 h6 29. h3 Kd6 30. Ke2 Ke6 {Precision: White = 85%, Black = 55%.} 1/2-1/2

[Event "SCO Open 2018"]
[Site "Xingtai"]
[Date "2018.10.20"]
[Round "7"]
[White "Ma, Zhonghan"]
[Black "Zhu, Jiner"]
[Result "1-0"]
[WhiteElo "2496"]
[BlackElo "2360"]
[Annotator "TA"]
[PlyCount "79"]
[EventDate "2018.??.??"]
[EventCountry "CHN"]
[SourceTitle "playchess.com"]
[Source "ChessBase"]
[SourceQuality "1"]

{[%evp 25,79,98,91,70,108,111,112,122,114,119,136,131,141,137,127,101,100,92,107,99,98,93,138,125,118,120,182,161,199,185,180,170,192,185,188,152,202,190,375,373,468,482,468,450,399,343,5465,4457,29978,29979,29979,29980,29979,29980,29993,29994]} 1. Nf3 Nf6 2. c4 g6 3. Nc3 Bg7 4. g3 O-O 5. Bg2 d6 6. d4 c6 7. O-O Qa5 8. e4 e5 9. h3 Nbd7 10. Be3 exd4 11. Nxd4 Ne5 12. Qe2 {E69: King's Indian: Fianchetto: 6...Nbd7 7 0-0 e5 8 e4 c6 9 h3} (12. Nb3 Qc7 13. Nd2 Be6 14. b3 Rfe8 15. Qc2 a6 16. Rfe1 c5 17. Nd5 Qa5 18. Bg5 Nfd7 19. Rad1 Nc6 {1-0 (39) Movsesian,S (2699)-Tkachiev,V (2649) Khanty-Mansiysk 2013}) 12... Re8 13. f4 Ned7 {LiveBook: 5 Games} 14. Rad1 {White is better.} Nc5 {[%cal Rc5e4]} 15. Nb3 $146 ({Predecessor:} 15. Qc2 Qb4 16. b3 Nfxe4 17. Nxe4 Nxe4 18. Bxe4 d5 19. Bg2 Rxe3 {0-1 (36) Marjina,A (2026)-Zubarev,A (1961) Pavlodar 2014}) 15... Nxb3 16. axb3 Qc7 17. Qd2 Bf8 18. Qf2 Nd7 19. e5 f5 20. exd6 ({Don't play} 20. Bxa7 $6 dxe5 21. Be3 e4 $11) 20... Bxd6 21. Bd4 ({Of course not} 21. Bxa7 Rxa7 22. Rxd6 Qxd6 $11) 21... Nf8 22. Bxa7 Be6 23. Bd4 Bf7 24. c5 Be7 {[#]} 25. b4 $1 {[%cal Bb3b4,Bb4b5,Bb5b6][%mdl 32]} Nd7 (25... Rad8 $16 {is a better defense.} 26. Rfe1 Rd7) 26. Rfe1 Bf6 27. Bxf6 Nxf6 28. b5 Rxe1+ 29. Rxe1 ({Much less strong is} 29. Qxe1 $6 Bb3 $16) 29... Rd8 {[#]} 30. b6 $1 {[%cal Rb6c7]} Qd7 31. Rd1 Bd5 $2 (31... Qc8 32. Rxd8+ Qxd8) 32. b4 $18 Qe8 {intending ...Bxg2.} 33. Nxd5 cxd5 34. Qd4 Ne4 35. g4 Qb5 $2 (35... h5 36. gxf5 gxf5 37. Bxe4 Qxe4) 36. gxf5 gxf5 37. Bxe4 {White mates.} fxe4 38. Rd2 Qc6 39. Rg2+ Kf7 40. Qg7+ {Precision: White = 90%, Black = 44%.} 1-0

[Event "SCO Open 2018"]
[Site "Xingtai"]
[Date "2018.10.20"]
[Round "7"]
[White "Lou, Yiping"]
[Black "Zhao, Yuanhe"]
[Result "1/2-1/2"]
[WhiteElo "2485"]
[BlackElo "2389"]
[Annotator "TA"]
[PlyCount "49"]
[EventDate "2018.??.??"]
[EventCountry "CHN"]
[SourceTitle "playchess.com"]
[Source "ChessBase"]
[SourceQuality "1"]

{[%evp 19,49,0,0,-9,0,0,0,-1,0,0,0,0,0,0,0,0,0,0,0,0,0,0,0,0,0,0,0,0,0,0,0,0]} 1. c4 c5 2. Nf3 Nc6 3. Nc3 g6 4. e3 Nf6 5. d4 cxd4 6. Nxd4 Bg7 7. Be2 O-O 8. O-O d5 9. cxd5 Nxd5 10. Nxc6 bxc6 {The position is equal.} 11. Na4 {A35: Symmetrical English: 2 Nc3 Nc6 3 Nf3} Qd6 (11... Bf5 12. g4 Be6 13. e4 Nb4 14. Nc5 Bxa2 15. Qa4 {1-0 (38) Wang,H (2743)-Anand,V (2783) Stavanger 2013 CBM 155 [Sumets,A]}) 12. e4 Nb6 $146 ({Predecessor:} 12... Nf4 13. Bc4 Qb4 14. Qb3 Qxb3 15. axb3 Ne6 16. Be3 Nc7 17. Nc3 Nb5 18. Nxb5 cxb5 {1-0 (38) Gretarsson,H (2450)-Leosson,T (2160) Gardabaer 1996}) 13. Nc3 Be6 14. Qc2 Bc4 15. Rb1 Rfd8 16. b3 Bd3 17. Bxd3 Qxd3 18. Qxd3 Rxd3 19. Ne2 c5 20. Be3 Bd4 21. Nf4 Rc3 22. Ne2 Rd3 23. Nf4 Rc3 24. Ne2 Rd3 25. Nf4 {Precision: White = 85%, Black = 83%.} 1/2-1/2

[Event "SCO Open 2018"]
[Site "Xingtai"]
[Date "2018.10.20"]
[Round "7"]
[White "Vokhidov, Shamsiddin"]
[Black "Zou, Chen"]
[Result "1-0"]
[WhiteElo "2446"]
[BlackElo "2386"]
[Annotator "TA"]
[PlyCount "161"]
[EventDate "2018.??.??"]
[EventCountry "CHN"]
[SourceTitle "playchess.com"]
[Source "ChessBase"]
[SourceQuality "1"]

{[%evp 17,161,63,67,26,30,30,20,21,32,0,0,0,0,0,0,0,56,59,273,258,245,97,95,45,34,26,39,39,40,0,33,15,191,192,178,146,145,132,168,180,220,232,219,222,218,220,231,231,198,174,169,168,149,122,183,174,159,175,167,139,137,122,113,112,187,183,176,164,221,64,197,32,22,23,28,23,40,40,51,45,64,50,131,57,161,64,64,64,127,64,90,71,257,67,152,11,11,4,11,11,226,44,138,0,11,11,11,11,11,12,325,325,295,316,297,278,271,275,264,212,204,197,195,26,26,24,346,101,91,105,262,229,377,314,368,372,464,464,614,614,848,777,2186,1863,29997,29981]} 1. e4 c5 2. Nf3 d6 3. Nc3 a6 4. g3 b5 5. d4 (5. Bg2 Bb7 6. d3 Nc6 7. O-O e6 8. Ng5 Nf6 9. f4 h6 10. Nh3 Be7 11. Kh1 Qc7 12. Bd2 O-O-O {1-0 (43) Bacrot,E (2708)-Karjakin,S (2781) Paris 2017}) 5... cxd4 6. Nxd4 {B50: Sicilian: 2...d6, Miscellaneous} Bb7 7. Bg2 e6 8. O-O Nd7 9. Re1 Be7 {LiveBook: 14 Games} 10. b3 Qc7 11. Bb2 Ngf6 12. a4 $146 ({Predecessor:} 12. Qd2 O-O 13. h3 Rac8 14. Rac1 Rfd8 15. g4 {0-1 (26) Sigurpalsson,R (2249)-Olafsson,H (2543) Reykjavik 2015}) 12... b4 13. Nd5 exd5 14. exd5 {Strongly threatening Nf5.} Kf8 $1 15. Nf5 Re8 (15... Ne5 $2 16. Nxe7 (16. Bxe5 dxe5 17. d6 Bxd6 $16) 16... Qxe7 17. f4 $18) 16. Qd2 Rg8 (16... a5 $11) 17. Qxb4 $14 {Threatens to win with Ba3.} Nxd5 $2 (17... g6 $14 18. Rxe7 (18. Nxe7 Rxe7 19. Rxe7 Kxe7 $16) 18... Rxe7 19. Nxe7 Kxe7) 18. Qd2 $1 $18 N7f6 19. c4 (19. Ba3 $1 $18 {is the precise move to win.}) 19... Bc8 20. Nh6 Nb6 21. Nxg8 Kxg8 22. Bxf6 gxf6 23. Re3 Be6 24. Rae1 Nc8 $2 (24... Nd7 $11) 25. Bd5 Bxd5 26. Qxd5 Rd8 27. Re4 {[%cal Be3e4,Be4f4,Bf4f6][%mdl 1056] White has strong compensation.} Qd7 28. Rf4 $1 Bf8 29. Rxf6 Bg7 30. Rf3 Rf8 31. Rfe3 Bf6 32. c5 Qc7 33. Qf5 Bg7 34. cxd6 Nxd6 35. Qd5 Bf6 (35... Rd8 $16 36. Qf3 Qb8) 36. Rf3 Bg7 37. Rd3 Ne8 38. Qd8 Qc6 39. Qe7 Nc7 40. Rd6 Qc3 (40... Qc2 $16) 41. Re3 $1 {[%cal Re3c3]} Qc1+ 42. Kg2 $1 a5 (42... Ne6 $142 43. Qa7 (43. Rxa6 Qc8 $16) 43... Bh6) 43. Rd8 $2 ({White must play} 43. Qg5 $1 $18) 43... Qc6+ (43... Ne6 $14 44. Rxf8+ Bxf8) 44. Kg1 $2 (44. Rf3 $18 Rxd8 45. Qxd8+ Bf8 46. h4) 44... Ne6 $14 45. Rxf8+ Bxf8 46. Qf6 Qc1+ 47. Kg2 Qc6+ 48. Qf3 Qc5 49. Qa8 Qc7 (49... Qf5 $14) 50. Qd5 (50. Re4 $16) 50... Bg7 (50... Qc5 $14 51. Qf3 h5) 51. Rf3 (51. Re4 $1 $18) 51... Bf8 52. Rf5 Bc5 (52... Bb4 $14) 53. Qe4 ({White should try} 53. Rh5 $1 $16) 53... Qa7 54. h4 Qb6 $2 (54... h6 $16) 55. Qd5 $2 (55. Rh5 $18) 55... Qc7 ({Better is} 55... Bb4 $1 $14) 56. h5 (56. Rh5 $1 $16) 56... h6 $11 57. Qf3 Qb6 58. Rf6 {aiming for Qg4+.} (58. Rxf7 $2 Ng5 $19) 58... Qc7 $2 (58... Qd8 $1 $11 {and Black is okay.}) 59. Qg4+ $2 (59. Rxh6 $18 Be7 60. Qe4) 59... Kh7 $14 60. Rf3 ({White should play} 60. Rxe6 $1 $16 fxe6 61. Qg6+ (61. Qxe6 Qd6 $11) 61... Kh8 62. Qxh6+ Qh7 63. Qf6+ (63. Qxe6 Qxh5 64. f4 Bb4 $11) 63... Qg7 64. Qxe6) 60... Bf8 61. Qe4+ Kg8 62. Rf5 Qa7 63. Rb5 Nd4 $2 {[%mdl 8192]} (63... Bb4 $1 $11 {and Black has nothing to worry.}) 64. Rb7 $18 Qc5 {[#]} 65. Qg4+ $1 Bg7 66. Rb8+ Kh7 {[#] Threatening ...Qc6+.} 67. Qe4+ $1 f5 68. Qb7 $40 {[%mdl 128] White goes for the king.} Qe5 69. Rd8 Ne6 70. Rd1 $2 (70. Ra8 $18) 70... Nd4 $1 $11 71. Rd3 {Hoping for Re3.} Qf6 $2 {[%mdl 8192]} (71... f4 $11) 72. Qd7 $2 (72. Rc3 $18 {has better winning chances.}) 72... f4 $16 73. Qd5 f3+ $2 (73... fxg3 $16 {might work better.} 74. fxg3 (74. Rxg3 Qf4 $11) 74... Qe7 75. Rxd4 Qe2+ 76. Kh3 Qf1+ 77. Kg4 Qe2+ 78. Kf5 Bxd4 79. Qxd4 Qxh5+ 80. Kf4 Qg5+ 81. Kf3 Qf5+ 82. Ke3 Qg5+ 83. Qf4 Qc5+ 84. Kd3 Qd5+ 85. Kc3 Qc5+ 86. Kb2 Kg6) 74. Kh3 $18 Qb6 (74... Qe5 {was worth a try.} 75. Qf7 Qf6) 75. Qe4+ Kh8 76. Re3 Qf6 77. Qd5 Qf8 78. Re4 Qc8+ 79. Kh2 Ne2 80. Qf7 Qc6 81. Re8+ {Precision: White = 37%, Black = 33%.} 1-0